000 00542nam a2200193Ia 4500
005 20260429112253.0
008 260429s9999||||xx |||||||||||||| ||und||
020 _a9781784786755
041 _aEnglish
082 _a320.54
_bAND
100 _aAnderson, Benedict
245 0 _aImagined communities :
_breflections on the origin and spread of nationalism /
_cBenedict Anderson
250 _a1st ed.
260 _aLondon :
_bVerso,
_c2016.
300 _axv, 240 p.; pbk
650 _a Nationalism
650 _aCommunities
942 _cTB
999 _c53235
_d53235